[Event "FRA-ch Youth 2017"]
[Site "Belfort"]
[Date "2017.04.20"]
[Round "6"]
[White "Fretel, Liza"]
[Black "Retailleau, Elise"]
[Result "0-1"]
[WhiteElo "1801"]
[BlackElo "1946"]
[Annotator "NA"]
[PlyCount "84"]
[EventDate "2017.??.??"]
[EventCountry "FRA"]
[SourceTitle "playchess.com"]
[Source "ChessBase"]
[SourceQuality "1"]
[TimeControl "5400+30"]

1. e4 {[%emt 0:00:00]} c5 {[%emt 0:00:15]} 2. Nc3 {[%emt 0:00:00]} Nc6 {[%emt 0:00:22]} 3. g3 {[%emt 0:00:00]} g6 {[%emt 0:00:29]} 4. Bg2 {[%emt 0:00:00]} Bg7 {[%emt 0:00:26]} 5. d3 {[%emt 0:00:04]} d6 {[%emt 0:00:33]} 6. Be3 {[%emt 0:00:12]} e5 {[%emt 0:00:31]} 7. Qd2 {[%emt 0:01:17]} Nge7 {[%emt 0:00:25]} 8. Bh6 {[%emt 0:04:40]} Bxh6 {[%emt 0:00:40]} 9. Qxh6 {[%emt 0:00:11]} Nd4 {[%emt 0:00:34]} 10. Qd2 {[%emt 0:03:16]} Be6 {[%emt 0:01:46]} 11. Nd1 {[%emt 0:01:32] B26: Closed Sicilian: 3 g3, lines with early Be3} (11. Nd5 Nxd5 12. exd5 Bd7 13. c3 Nf5 14. Nf3 O-O 15. h4 h5 16. Ng5 b5 17. Ne4 Kg7 18. f3 Rh8 {0-1 (82) Krapivin,A (2500)-Sjugirov,S (2612) St Petersburg 2009}) 11... b5 $146 {[%emt 0:06:59]} (11... d5 $15) (11... Qd7 12. Ne3 f5 13. c3 Ndc6 14. Ne2 d5 15. exf5 gxf5 16. d4 cxd4 17. cxd4 O-O-O 18. Nc2 h5 {½-½ (43) Davies,L (2174)-Calugar,A (2273) Victoria 2012}) 12. c3 {[%emt 0:01:34]} Ndc6 {[%emt 0:02:57]} 13. Nh3 {[%emt 0:06:26]} f6 {[%emt 0:12:41]} 14. Qh6 {[%emt 0:04:09]} Qd7 {[%emt 0:03:04]} 15. Ne3 {[%emt 0:07:40]} Ng8 {[%emt 0:12:06]} 16. Qh4 {[%emt 0:00:12]} h5 {[%emt 0:00:48]} 17. f4 {[%emt 0:00:30]} Nce7 {[%emt 0:01:23]} 18. f5 $1 {[%emt 0:02:23]} gxf5 {[%emt 0:17:56]} 19. exf5 {[%emt 0:02:56]} Bxf5 {[%emt 0:00:29]} 20. g4 {[%emt 0:09:55]} Ng6 {[%emt 0:08:00]} 21. Qf2 {[%emt 0:02:08]} Bxg4 {[%emt 0:02:21]} 22. Bxa8 {[%emt 0:15:23]} ({But not} 22. Nxg4 hxg4 23. Bxa8 Rxh3 $17) 22... Bxh3 {[%emt 0:01:31]} 23. Qf3 {[%emt 0:02:38]} Bg4 {[%emt 0:02:55]} 24. Nxg4 {[%emt 0:05:48]} (24. Qb7 $15) 24... hxg4 {[%emt 0:00:37]} 25. Qf2 Nf4 {[%emt 0:04:18]} 26. O-O-O {[%emt 0:06:26]} d5 {[%emt 0:04:08]} 27. Qxc5 {[%emt 0:02:03]} Ne7 $19 {[%emt 0:00:41]} 28. Qa3 {[%emt 0:03:49]} Kf7 {[%emt 0:01:28]} 29. Bxd5+ {[%emt 0:02:00]} Qxd5 {[%emt 0:00:57]} 30. Qb3 {[%emt 0:03:39]} Rh3 {[%emt 0:06:36]} 31. Kc2 {[%emt 0:00:51]} Qxb3+ {[%emt 0:01:35]} 32. axb3 {[%emt 0:00:04]} Ned5 {[%emt 0:00:24]} 33. Rd2 {[%emt 0:01:44]} g3 {[%emt 0:00:34]} 34. c4 {[%emt 0:01:43]} Ne3+ {[%emt 0:01:02]} 35. Kc3 {[%emt 0:00:41]} g2 {[%emt 0:00:53]} 36. Ra1 {[%emt 0:01:14]} Rxh2 {[%emt 0:02:53]} 37. Rxa7+ {[%emt 0:00:17]} Kg6 {[%emt 0:00:53]} 38. Ra8 {[%emt 0:00:29]} Kf5 {[%emt 0:00:10]} 39. Rg8 {[%emt 0:01:55]} Ng4 {[%emt 0:00:30]} 40. Rxg2 {[%emt 0:00:56]} Rxg2 {[%emt 0:00:15]} 41. cxb5 {[%emt 0:01:21]} Nd5+ {[%emt 0:00:12]} 42. Kc4 {[%emt 0:00:26]} Nge3+ {[%emt 0:00:07] Kd4} 0-1

[Event "FRA-ch Youth 2017"]
[Site "Belfort"]
[Date "2017.04.20"]
[Round "6"]
[White "Donias, Orlane"]
[Black "Lomandong Noela-Joyce"]
[Result "0-1"]
[WhiteElo "1729"]
[BlackElo "1987"]
[Annotator "NA"]
[PlyCount "56"]
[EventDate "2017.??.??"]
[EventCountry "FRA"]
[SourceTitle "playchess.com"]
[Source "ChessBase"]
[SourceQuality "1"]
[TimeControl "5400+30"]

1. d4 {[%emt 0:00:00]} f5 $146 {[%emt 0:00:04]} (1... c5 2. d5 d6 3. e4 g6 4. Be2 Bg7 5. Nf3 Nf6 6. Nc3 O-O 7. O-O e6 8. dxe6 Bxe6 9. Ng5 Nc6 10. f4 Nd4 11. f5 gxf5 12. Bd3 Bd7 13. Nd5 h6 14. Nh3 fxe4 15. Nxf6+ Bxf6 16. Bxe4 d5 17. Bf3 Bxh3 18. gxh3 {0-1 (27) Le Roux,J (2538)-Popov,I (2613) Aix les Bains 2011}) 2. Nf3 {[%emt 0:00:00]} Nf6 {[%emt 0:00:06]} 3. c4 {[%emt 0:00:06]} e6 {[%emt 0:00:04]} 4. g3 {[%emt 0:01:31]} Be7 {[%emt 0:00:05]} 5. Bg2 {[%emt 0:00:32]} O-O {[%emt 0:00:06]} 6. O-O {[%emt 0:00:29]} d6 {[%emt 0:00:02]} 7. Nc3 {[%emt 0:03:45]} Qe8 {[%emt 0:00:36]} 8. Re1 {[%emt 0:05:17]} Qh5 {[%emt 0:00:08]} 9. e4 {[%emt 0:06:06]} fxe4 {[%emt 0:01:15]} 10. Nxe4 {[%emt 0:00:14]} Nxe4 {[%emt 0:00:06]} 11. Rxe4 {[%emt 0:00:18]} Nc6 {[%emt 0:00:09]} 12. Re1 {[%emt 0:07:56]} Qf5 {[%emt 0:09:59]} 13. Be3 {[%emt 0:04:36]} Bd7 {[%emt 0:10:53]} 14. Nd2 {[%emt 0:05:45]} Qf6 {[%emt 0:08:20]} 15. Ne4 {[%emt 0:03:34]} Qg6 {[%emt 0:00:20]} 16. Bf4 {[%emt 0:06:41]} Rad8 {[%emt 0:05:14]} 17. Rc1 {[%emt 0:10:12]} e5 {[%emt 0:08:47]} 18. dxe5 {[%emt 0:02:03]} dxe5 {[%emt 0:00:10]} 19. Be3 {[%emt 0:05:59]} Bh3 {[%emt 0:04:31]} 20. Nd2 {[%emt 0:04:02]} Bxg2 {[%emt 0:00:46]} 21. Kxg2 {[%emt 0:00:08]} Nb4 {[%emt 0:01:28]} 22. Rf1 {[%emt 0:02:10]} Nd3 {[%emt 0:03:41]} 23. Rb1 {[%emt 0:02:48]} Nf4+ {[%emt 0:02:31]} 24. Bxf4 {[%emt 0:07:53]} exf4 {[%emt 0:00:54]} 25. f3 {[%emt 0:00:29]} fxg3 {[%emt 0:00:41]} 26. hxg3 {[%emt 0:00:13]} Bd6 {[%emt 0:00:22]} 27. g4 {[%emt 0:03:06]} Bf4 {[%emt 0:00:42]} 28. Qb3 {[%emt 0:08:16]} Rxd2+ {[%emt 0:00:07]} 0-1

[Event "FRA-ch Youth 2017"]
[Site "Belfort"]
[Date "2017.04.20"]
[Round "6"]
[White "Georges, Lisa"]
[Black "Imperor, Amelie"]
[Result "1/2-1/2"]
[WhiteElo "1704"]
[BlackElo "1820"]
[Annotator "NA"]
[PlyCount "109"]
[EventDate "2017.??.??"]
[EventCountry "FRA"]
[SourceTitle "playchess.com"]
[Source "ChessBase"]
[SourceQuality "1"]
[TimeControl "5400+30"]

1. e4 {[%emt 0:00:00]} c5 {[%emt 0:00:30]} 2. Nf3 {[%emt 0:00:30]} e6 {[%emt 0:00:30]} 3. g3 {[%emt 0:00:30]} d6 {[%emt 0:03:31]} 4. Bg2 {[%emt 0:00:53]} Nf6 {[%emt 0:00:14]} 5. Qe2 {[%emt 0:00:18]} Nc6 {[%emt 0:02:48]} 6. O-O {[%emt 0:02:15]} Be7 {[%emt 0:08:51]} 7. Re1 {[%emt 0:04:58] C00: French: Unusual White 2nd moves} (7. c3 O-O 8. d4 cxd4 9. cxd4 d5 10. e5 Ne4 11. Nc3 Nxc3 12. bxc3 Bd7 13. h4 Rc8 14. Ng5 h6 15. Nh3 {½-½ (62) Malakhov,V (2713)-Akopian,V (2675) Doha 2016}) 7... e5 {[%emt 0:00:23]} 8. c3 {[%emt 0:00:30]} O-O {[%emt 0:03:50]} 9. Na3 $146 {[%emt 0:00:19]} (9. d3 Re8 10. h3 Rb8 11. Nbd2 Bf8 12. Nf1 d5 13. Bg5 d4 14. c4 h6 15. Bxf6 Qxf6 {1-0 (97) Ivanov,A (2503)-Chuprov,D (2561) Dagomys 2009}) 9... Qc7 {[%emt 0:12:26]} 10. Nc2 {[%emt 0:02:36]} Rb8 {[%emt 0:03:28]} 11. d4 {[%emt 0:02:57]} b5 {[%emt 0:03:19]} 12. b4 {[%emt 0:09:51]} (12. d5 $14 Na5 13. b3) 12... exd4 {[%emt 0:08:50]} 13. bxc5 {[%emt 0:02:41]} d3 {[%emt 0:13:56]} (13... dxc3 $11 14. cxd6 Bxd6) 14. Qxd3 {[%emt 0:01:19]} Ne5 {[%emt 0:03:45]} 15. cxd6 {[%emt 0:05:47]} Bxd6 {[%emt 0:02:35]} 16. Nxe5 {[%emt 0:02:05]} Bxe5 {[%emt 0:00:04]} 17. Nd4 {[%emt 0:01:03]} Rd8 {[%emt 0:06:12]} 18. f4 {[%emt 0:10:47]} Qxc3 {[%emt 0:00:51]} 19. Qxc3 {[%emt 0:00:43]} Bxd4+ {[%emt 0:00:01]} 20. Qxd4 {[%emt 0:00:21]} Rxd4 {[%emt 0:00:04]} 21. Bb2 {[%emt 0:01:33]} Rd8 {[%emt 0:07:07] [#]} 22. Be5 $1 {[%emt 0:02:55]} Rb7 {[%emt 0:00:16]} 23. Rac1 {[%emt 0:01:13]} Be6 {[%emt 0:07:41]} 24. a3 {[%emt 0:01:20]} Bc4 {[%emt 0:00:28]} 25. Red1 {[%emt 0:02:01]} Rbd7 {[%emt 0:04:24]} 26. Rxd7 {[%emt 0:01:49]} Rxd7 $16 {[%emt 0:00:00]} 27. Bf1 {[%emt 0:00:48]} Ng4 {[%emt 0:00:06]} 28. Bxc4 {[%emt 0:00:47]} bxc4 {[%emt 0:00:07]} 29. Kg2 {[%emt 0:03:05]} Nxe5 {[%emt 0:01:23]} 30. fxe5 {[%emt 0:00:09]} Rc7 {[%emt 0:00:05]} 31. Kf3 {[%emt 0:00:09]} Kf8 {[%emt 0:03:47]} 32. Ke3 {[%emt 0:00:09]} Ke7 {[%emt 0:00:59]} 33. Kd4 {[%emt 0:02:27]} Rd7+ {[%emt 0:00:13]} 34. Kc5 {[%emt 0:00:42]} Ke6 {[%emt 0:02:02]} 35. Rxc4 {[%emt 0:01:01]} Rc7+ {[%emt 0:01:30]} 36. Kb5 {[%emt 0:00:37]} Rxc4 {[%emt 0:00:01]} 37. Kxc4 {[%emt 0:00:07]} Kxe5 {[%emt 0:00:01]} 38. Kd3 {[%emt 0:01:26]} g6 {[%emt 0:05:05]} 39. a4 {[%emt 0:01:12]} a5 {[%emt 0:00:03]} 40. Kc4 {[%emt 0:03:45]} Kxe4 {[%emt 0:01:31]} 41. Kb5 {[%emt 0:00:14]} Kd5 {[%emt 0:00:35]} 42. Kxa5 {[%emt 0:00:34]} Kc5 {[%emt 0:00:14]} 43. Ka6 {[%emt 0:01:02]} f5 {[%emt 0:00:51]} 44. Kb7 {[%emt 0:00:06]} Kb4 {[%emt 0:00:18]} 45. Kc6 {[%emt 0:00:30]} Kxa4 {[%emt 0:00:30]} 46. Kd5 {[%emt 0:00:00]} Kb4 {[%emt 0:01:08]} 47. Ke5 {[%emt 0:00:17]} Kc4 {[%emt 0:00:30]} 48. Kf4 {[%emt 0:00:33]} Kd4 {[%emt 0:03:31]} 49. h4 {[%emt 0:00:49]} Kd3 {[%emt 0:01:26]} 50. h5 {[%emt 0:00:30]} Ke2 {[%emt 0:00:30]} 51. hxg6 {[%emt 0:00:18]} hxg6 {[%emt 0:00:00]} 52. Kg5 {[%emt 0:00:17]} Kf3 {[%emt 0:00:05]} 53. Kxg6 {[%emt 0:00:30]} Kg4 {[%emt 0:00:30]} 54. Kf6 {[%emt 0:00:30]} Kxg3 {[%emt 0:00:30]} 55. Kxf5 1/2-1/2

[Event "FRA-ch Youth 2017"]
[Site "Belfort"]
[Date "2017.04.20"]
[Round "6"]
[White "Cavailles, Evan"]
[Black "Maugenest, Ghislain"]
[Result "1/2-1/2"]
[WhiteElo "1694"]
[BlackElo "1915"]
[Annotator "NA"]
[PlyCount "107"]
[EventDate "2017.??.??"]
[EventCountry "FRA"]
[SourceTitle "playchess.com"]
[Source "ChessBase"]
[SourceQuality "1"]
[TimeControl "5400+30"]

1. e4 {[%emt 0:00:00]} e6 {[%emt 0:00:04]} 2. d4 {[%emt 0:00:00]} d5 {[%emt 0:00:03]} 3. Nd2 {[%emt 0:00:00]} Nf6 {[%emt 0:00:04]} 4. e5 {[%emt 0:00:00]} Nfd7 {[%emt 0:00:04]} 5. Bd3 {[%emt 0:00:09]} c5 {[%emt 0:00:03]} 6. c3 {[%emt 0:00:09]} Nc6 {[%emt 0:00:03]} 7. Ne2 {[%emt 0:00:30]} cxd4 {[%emt 0:00:13]} 8. cxd4 {[%emt 0:00:04]} f6 {[%emt 0:00:05]} 9. exf6 {[%emt 0:00:09]} Nxf6 {[%emt 0:00:05]} 10. O-O {[%emt 0:01:19]} Bd6 {[%emt 0:00:55]} 11. Nf3 {[%emt 0:01:24]} Qc7 {[%emt 0:00:21]} 12. Bg5 {[%emt 0:01:42]} O-O {[%emt 0:00:10]} 13. Bh4 {[%emt 0:00:46]} Nh5 {[%emt 0:01:43]} 14. Qc2 {[%emt 0:02:07]} h6 {[%emt 0:00:34]} 15. Bh7+ {[%emt 0:01:18] C06: French Tarrasch: 3...Nf6 4 e5 Nfd7 5 Bd3 main lines} Kh8 {[%emt 0:00:18]} 16. Bg6 {[%emt 0:00:53]} Rxf3 {[%emt 0:03:29]} (16... Nf4 17. Nxf4 Rxf4 18. Bg3 Rxf3 19. gxf3 Qe7 20. Rad1 Bd7 21. Qc3 Rf8 22. Bb1 Kg8 {1-0 (41) Artemiev,V (2653)-Onischuk,V (2615) Martuni 2016}) 17. Bxh5 {[%emt 0:00:07]} Rf8 {[%emt 0:01:22]} 18. Bg3 {[%emt 0:01:52] LiveBook: 83 Games} Bxg3 {[%emt 0:01:21]} (18... Bd7 $11) 19. hxg3 {[%emt 0:00:26]} Qb6 {[%emt 0:01:38]} 20. Qd2 {[%emt 0:07:28]} Bd7 {[%emt 0:02:47]} 21. Rad1 {[%emt 0:08:08]} Rac8 $146 {[%emt 0:08:22]} (21... Qb4 22. Nf4 Qxd2 23. Rxd2 {1-0 (55) Pogonina,N (2382)-Shmirina,G (2120) Dresden 2004}) 22. Nf4 {[%emt 0:02:06]} Rf6 {[%emt 0:01:45]} 23. Rfe1 {[%emt 0:02:38]} Ne7 {[%emt 0:09:31]} 24. Rc1 {[%emt 0:09:31]} (24. Re3 $16) 24... Rxc1 {[%emt 0:05:57]} 25. Rxc1 {[%emt 0:00:09]} ({Reject} 25. Qxc1 Nc6 $11) 25... Nc6 {[%emt 0:00:24]} 26. Rd1 {[%emt 0:03:56]} (26. Rc5 $16) 26... Kg8 {[%emt 0:06:57]} 27. Bg4 {[%emt 0:02:33]} Qc7 {[%emt 0:04:52]} 28. Re1 {[%emt 0:02:37]} Qd6 {[%emt 0:00:20]} 29. a3 {[%emt 0:05:57]} g5 {[%emt 0:04:07]} 30. Ne2 {[%emt 0:00:24]} b6 {[%emt 0:02:07]} 31. Nc3 {[%emt 0:03:17]} Na5 {[%emt 0:04:44]} 32. Be2 {[%emt 0:01:55]} Be8 {[%emt 0:01:43]} 33. b4 {[%emt 0:01:15]} Nc6 $1 $11 {[%emt 0:02:14] keeps the balance.} 34. Bf3 {[%emt 0:01:51]} Bg6 {[%emt 0:03:30]} 35. Be2 {[%emt 0:01:18]} (35. Bg4 $16) 35... Bf7 {[%emt 0:02:36]} 36. Bb5 {[%emt 0:01:44]} Ne7 {[%emt 0:02:29]} 37. Nd1 {[%emt 0:03:37]} Nf5 {[%emt 0:02:04]} 38. Ne3 {[%emt 0:00:39]} Nxe3 {[%emt 0:04:09]} 39. Qxe3 {[%emt 0:02:45]} Bg6 {[%emt 0:00:48]} 40. Qe5 {[%emt 0:03:06]} Qxe5 {[%emt 0:00:08]} 41. Rxe5 {[%emt 0:00:05]} Kf7 {[%emt 0:00:29]} 42. Re1 {[%emt 0:00:08]} Bf5 {[%emt 0:01:43]} 43. Rc1 {[%emt 0:00:30]} Kg7 $14 {[%emt 0:01:17]} 44. Rc7+ {[%emt 0:06:09]} Rf7 {[%emt 0:00:12]} 45. Rxf7+ {[%emt 0:01:01]} Kxf7 {[%emt 0:00:00]} 46. Kf1 {[%emt 0:00:30]} Kf6 {[%emt 0:00:32]} 47. f4 {[%emt 0:01:47]} Be4 {[%emt 0:00:22]} 48. Kf2 {[%emt 0:01:48]} Kf5 {[%emt 0:01:15]} 49. fxg5 {[%emt 0:01:36]} Kxg5 {[%emt 0:01:29]} 50. Be2 {[%emt 0:00:18]} Kf5 {[%emt 0:01:13]} 51. Bf3 {[%emt 0:00:16]} Bc2 {[%emt 0:04:17]} 52. Ke3 {[%emt 0:00:09]} Bb3 {[%emt 0:00:07]} 53. g4+ {[%emt 0:01:59]} Kg5 {[%emt 0:00:13]} 54. g3 {[%emt 0:00:09]} 1/2-1/2

[Event "FRA-ch Youth 2017"]
[Site "Belfort"]
[Date "2017.04.20"]
[Round "6"]
[White "Saliou, Sarah"]
[Black "Vernet, Solene"]
[Result "1/2-1/2"]
[WhiteElo "1684"]
[BlackElo "1863"]
[Annotator "NA"]
[PlyCount "112"]
[EventDate "2017.??.??"]
[EventCountry "FRA"]
[SourceTitle "playchess.com"]
[Source "ChessBase"]
[SourceQuality "1"]
[TimeControl "5400+30"]

1. c4 {[%emt 0:00:00]} e5 {[%emt 0:00:06]} 2. g3 {[%emt 0:00:00]} c5 {[%emt 0:00:07]} 3. Bg2 {[%emt 0:00:00]} Nc6 {[%emt 0:00:06]} 4. Nc3 {[%emt 0:00:00]} g6 {[%emt 0:00:06]} 5. d3 {[%emt 0:00:00]} Bg7 {[%emt 0:00:10]} 6. Qd2 $146 {[%emt 0:00:01] A36: Symmetrical English vs ...g6: 4 Bg2 Bg7} (6. b3 d6 7. Bb2 Nh6 8. e3 O-O 9. Nge2 Nf5 10. Qd2 h5 11. h3 Bd7 12. Nd5 Rb8 13. Nec3 a6 {1-0 (24) Rakhmanov,A (2662)-Domogaev,S (2435) Sochi 2016}) 6... Nge7 {[%emt 0:00:16]} 7. b3 {[%emt 0:00:11]} d6 {[%emt 0:00:32]} 8. Bb2 {[%emt 0:00:03]} Be6 {[%emt 0:01:18]} 9. e3 Rb8 {[%emt 0:02:02]} 10. Nge2 {[%emt 0:00:42]} O-O {[%emt 0:00:18]} 11. O-O {[%emt 0:00:05]} a6 {[%emt 0:01:18]} 12. Nd5 {[%emt 0:00:44]} b5 {[%emt 0:00:59]} 13. f4 {[%emt 0:00:50]} f5 {[%emt 0:03:45]} 14. Ba3 {[%emt 0:08:32]} e4 {[%emt 0:17:13]} 15. Nxe7+ {[%emt 0:05:12]} Nxe7 {[%emt 0:00:14]} 16. Rad1 {[%emt 0:02:03]} b4 {[%emt 0:06:06]} 17. Bb2 {[%emt 0:02:05]} exd3 {[%emt 0:02:06]} 18. Nc1 {[%emt 0:00:46]} d5 $2 {[%emt 0:00:59]} ({Better is} 18... Bxb2 $14 19. Qxb2 a5) 19. Bxg7 {[%emt 0:05:07]} ({Less strong is} 19. Nxd3 Bxb2 {Don't take} 20. Qxb2 $6 (20. Nxb2 dxc4 21. Qe2 Qc7 $14) 20... dxc4 21. Nxc5 c3 22. Rxd8 cxb2 $16) 19... Kxg7 {[%emt 0:00:04]} 20. Qb2+ {[%emt 0:01:14]} ({Don't play} 20. Nxd3 $6 Qb6 $16) ({Weaker is} 20. Qxd3 dxc4 21. Qc2 Qc7 $11) 20... Kg8 {[%emt 0:01:00]} 21. Rxd3 {[%emt 0:06:18]} Rb6 {[%emt 0:06:16]} 22. Rfd1 {[%emt 0:20:31]} Rd6 {[%emt 0:00:27]} 23. Qd2 {[%emt 0:03:46]} Qc7 {[%emt 0:04:03]} 24. cxd5 {[%emt 0:01:55]} Bf7 {[%emt 0:00:04]} 25. g4 {[%emt 0:09:43]} Rfd8 {[%emt 0:02:01]} 26. gxf5 {[%emt 0:10:07]} gxf5 {[%emt 0:00:24] [#]} 27. e4 {[%emt 0:00:11]} (27. Ne2 $1 $16) 27... fxe4 {[%emt 0:01:52]} 28. Bxe4 {[%emt 0:00:28]} Qd7 {[%emt 0:01:10]} 29. Qg2+ {[%emt 0:01:46]} (29. Rg3+ $18 {has better winning chances.} Bg6 30. Qc2) 29... Bg6 {[%emt 0:00:16]} 30. Rf1 {[%emt 0:10:48]} Rf8 {[%emt 0:06:35]} 31. Rdf3 {[%emt 0:03:21]} Rdf6 {[%emt 0:01:54]} 32. Nd3 {[%emt 0:00:23]} Kh8 {[%emt 0:00:55]} 33. Ne5 {[%emt 0:00:21]} Qd6 {[%emt 0:01:58]} 34. Bxg6 {[%emt 0:02:59]} Nxg6 {[%emt 0:00:09]} 35. Nxg6+ {[%emt 0:02:49]} Rxg6 {[%emt 0:00:10]} 36. Rg3 {[%emt 0:00:02]} Rxf4 {[%emt 0:03:02]} 37. Rxg6 {[%emt 0:01:49]} Rxf1+ {[%emt 0:00:48]} 38. Kxf1 {[%emt 0:00:30]} hxg6 $11 {[%emt 0:00:11]} 39. Kg1 {[%emt 0:02:40]} Qf6 {[%emt 0:01:23]} 40. Qh3+ {[%emt 0:00:13]} Kg7 {[%emt 0:00:12]} 41. Qd7+ {[%emt 0:00:10]} Kh6 {[%emt 0:00:59]} 42. Qh3+ {[%emt 0:00:56]} Kg5 {[%emt 0:01:39]} 43. Qe3+ {[%emt 0:00:26]} Kf5 {[%emt 0:00:25]} 44. Qe2 {[%emt 0:01:15]} Qd4+ {[%emt 0:01:51]} 45. Kf1 {[%emt 0:00:09]} Qxd5 {[%emt 0:00:09]} 46. Qxa6 {[%emt 0:00:04]} Qh1+ {[%emt 0:00:20]} 47. Ke2 {[%emt 0:00:16]} Qxh2+ {[%emt 0:00:09]} 48. Ke3 {[%emt 0:00:16]} Qf4+ {[%emt 0:00:36]} 49. Ke2 {[%emt 0:00:09]} Kg4 {[%emt 0:02:55]} 50. Qxg6+ {[%emt 0:00:12]} Kh4 {[%emt 0:00:48]} 51. Qh7+ {[%emt 0:00:19]} Kg4 {[%emt 0:00:53]} 52. Qg6+ {[%emt 0:00:10]} Kh4 {[%emt 0:00:15]} 53. Qh7+ {[%emt 0:00:13]} Kg4 {[%emt 0:00:13]} 54. Qg7+ {[%emt 0:00:26]} Kh5 {[%emt 0:01:20]} 55. Qg2 {[%emt 0:01:41]} Qe5+ {[%emt 0:00:50]} 56. Kf2 {[%emt 0:01:34]} Qc3 {Kf3 Qe5} 1/2-1/2

[Event "FRA-ch Youth 2017"]
[Site "Belfort"]
[Date "2017.04.20"]
[Round "6"]
[White "Piacentini, Angelina"]
[Black "Gospodaru, Teodora"]
[Result "0-1"]
[WhiteElo "1391"]
[BlackElo "1827"]
[Annotator "NA"]
[PlyCount "62"]
[EventDate "2017.??.??"]
[EventCountry "FRA"]
[SourceTitle "playchess.com"]
[Source "ChessBase"]
[SourceQuality "1"]
[TimeControl "5400+30"]

1. e4 {[%emt 0:00:00]} c5 {[%emt 0:00:03]} 2. Bc4 {[%emt 0:00:00]} g6 {[%emt 0:00:13]} 3. Nf3 {[%emt 0:00:17]} Nc6 {[%emt 0:00:08]} 4. c3 {[%emt 0:00:39]} Bg7 {[%emt 0:03:07] B30: Sicilian: 2...Nc6 3 Bb5, lines without ...g6} 5. Qe2 {[%emt 0:02:05]} (5. O-O e6 6. d4 cxd4 7. Nxd4 Nxd4 8. cxd4 Ne7 9. Nc3 O-O 10. d5 exd5 11. Nxd5 Nxd5 12. Bxd5 d6 13. Rb1 Qe7 14. Be3 Be6 15. Qb3 Bxd5 16. Qxd5 Rfe8 17. Rfd1 Qxe4 {½-½ (17) Palac,M (2581)-Cebalo,M (2403) Zadar 2013}) 5... a6 {[%emt 0:04:18]} 6. d3 $146 {[%emt 0:02:06]} (6. O-O b5 7. Bb3 Bb7 8. d3 d6 9. Re1 h6 10. Be3 Nf6 11. h3 O-O 12. Nbd2 {0-1 (43) Sveda,J (1944)-Svoboda,R (2043) Czechia 2005}) 6... d6 {[%emt 0:07:46]} 7. Bf4 {[%emt 0:05:18]} Na5 {[%emt 0:06:47]} 8. Nbd2 {[%emt 0:02:05]} Nxc4 {[%emt 0:03:51]} 9. Nxc4 {[%emt 0:01:31]} b5 {[%emt 0:00:37]} 10. Ne3 {[%emt 0:01:00]} Bb7 {[%emt 0:02:53]} 11. O-O {[%emt 0:01:00]} Nf6 {[%emt 0:01:45]} 12. Rfe1 {[%emt 0:01:26]} O-O {[%emt 0:01:09]} 13. Rad1 {[%emt 0:05:24]} Rc8 {[%emt 0:10:18]} 14. e5 {[%emt 0:01:39]} (14. Bg5 $15) 14... Nh5 {[%emt 0:03:46]} 15. g3 {[%emt 0:04:32]} (15. Bg3 $142) 15... Bxf3 {[%emt 0:01:19]} ({Don't do} 15... Nxf4 16. gxf4 dxe5 17. fxe5 $17) ({Black should play} 15... dxe5 $19 16. Nxe5 f6) 16. Qxf3 {[%emt 0:00:23]} dxe5 {[%emt 0:00:02]} 17. Bg5 {[%emt 0:02:18]} f6 {[%emt 0:12:33]} 18. Bh4 {[%emt 0:00:17]} Qe8 {[%emt 0:01:33]} 19. g4 {[%emt 0:02:15]} Nf4 {[%emt 0:00:41]} 20. g5 {[%emt 0:02:39]} f5 {[%emt 0:01:26]} 21. Bg3 {[%emt 0:05:21]} Nh3+ {[%emt 0:00:33]} 22. Kg2 {[%emt 0:01:17]} Nxg5 {[%emt 0:00:18]} 23. Qd5+ {[%emt 0:01:27]} e6 {[%emt 0:01:05]} 24. Qd6 {[%emt 0:00:33]} Rc6 {[%emt 0:00:39]} 25. Qxf8+ {[%emt 0:05:52]} Qxf8 {[%emt 0:01:12]} 26. f4 {[%emt 0:01:25]} exf4 {[%emt 0:00:59]} 27. Bxf4 {[%emt 0:00:21]} Nf7 {[%emt 0:01:56]} 28. Nc2 {[%emt 0:02:24]} g5 {[%emt 0:00:18]} 29. Bg3 {[%emt 0:00:35]} f4 {[%emt 0:00:21]} 30. Bf2 {[%emt 0:00:13]} Nh6 {[%emt 0:00:53]} 31. h3 $19 {[%emt 0:01:10]} f3+ {[%emt 0:00:36]} 0-1

[Event "FRA-ch Youth 2017"]
[Site "Belfort"]
[Date "2017.04.21"]
[Round "7"]
[White "Flick, Antoine"]
[Black "Georges, Thomas"]
[Result "1-0"]
[WhiteElo "2327"]
[BlackElo "2130"]
[Annotator "NA"]
[PlyCount "71"]
[EventDate "2017.??.??"]
[EventCountry "FRA"]
[SourceTitle "playchess.com"]
[Source "ChessBase"]
[SourceQuality "1"]
[TimeControl "5400+30"]

1. d4 {[%emt 0:00:00]} Nf6 {[%emt 0:00:08]} 2. c4 {[%emt 0:00:00]} g6 {[%emt 0:00:05]} 3. Nc3 {[%emt 0:00:00]} Bg7 {[%emt 0:00:06]} 4. e4 {[%emt 0:00:00]} d6 {[%emt 0:00:07]} 5. Bd3 {[%emt 0:00:00]} O-O {[%emt 0:01:00]} 6. Nge2 {[%emt 0:00:00]} e5 {[%emt 0:04:21]} 7. d5 {[%emt 0:00:17]} Na6 {[%emt 0:02:04]} 8. O-O {[%emt 0:00:26] LiveBook: 36 Games} Nc5 {[%emt 0:00:17]} 9. Bc2 {[%emt 0:00:03]} a5 {[%emt 0:01:11]} 10. f3 {[%emt 0:00:40]} Kh8 {[%emt 0:06:35] E70: King's Indian: Miscellaneous lines with 4 e4, including 5 Nge2 and 5 Bd3 0-0 6 Nge2} (10... Nh5 11. g4 Nf6 12. Be3 h5 13. h3 hxg4 14. fxg4 Bxg4 15. hxg4 Nxg4 16. Bxc5 Qh4 17. Rf3 dxc5 18. Qe1 {0-1 (51) Miton,K (2601)-Korobov,A (2693) Wroclaw 2014}) 11. Be3 {[%emt 0:02:50]} Ng8 {[%emt 0:04:24]} 12. Qd2 {[%emt 0:00:54]} f5 {[%emt 0:03:32]} 13. exf5 {[%emt 0:00:28]} gxf5 {[%emt 0:01:44]} 14. f4 {[%emt 0:04:32]} e4 {[%emt 0:07:46]} 15. h3 $146 {[%emt 0:06:24]} (15. Bd4 Nf6 16. Nd1 Qe8 {1-0 (29) Marin,M (2515)-Diaz Berga 1993}) 15... Nf6 {[%emt 0:03:59]} 16. Rae1 {[%emt 0:07:21]} Bd7 {[%emt 0:12:16]} 17. b3 {[%emt 0:07:58]} Qe8 {[%emt 0:10:32]} 18. a3 $11 {[%emt 0:13:25]} b6 {[%emt 0:11:29]} 19. Rb1 {[%emt 0:13:56]} Qg6 {[%emt 0:09:41]} 20. Bd4 {[%emt 0:06:03]} Rg8 {[%emt 0:04:00]} 21. Nd1 {[%emt 0:05:05]} b5 {[%emt 0:03:30]} 22. Ne3 {[%emt 0:04:52]} a4 {[%emt 0:03:01]} 23. b4 {[%emt 0:10:09]} Nb3 {[%emt 0:06:02]} 24. Bxb3 {[%emt 0:01:23]} axb3 {[%emt 0:00:01]} 25. Rxb3 {[%emt 0:03:39]} bxc4 {[%emt 0:00:01]} 26. Rbb1 {[%emt 0:01:36]} Rxa3 {[%emt 0:00:37]} 27. Nc3 {[%emt 0:00:15]} Nh5 {[%emt 0:02:35]} 28. Nxc4 {[%emt 0:02:06]} Qxg2+ {[%emt 0:00:53]} 29. Kxg2 {[%emt 0:01:37]} Bxd4+ {[%emt 0:00:07]} 30. Kh2 {[%emt 0:00:54]} Bxc3 {[%emt 0:00:59]} 31. Qf2 {[%emt 0:03:27]} e3 {[%emt 0:01:56]} 32. Qxe3 {[%emt 0:01:46]} Ra2+ {[%emt 0:00:24]} 33. Rf2 {[%emt 0:00:04]} Rxf2+ {[%emt 0:00:26]} 34. Qxf2 {[%emt 0:00:01]} Bb5 {[%emt 0:00:01]} 35. Rc1 {[%emt 0:01:01]} Bxb4 {[%emt 0:00:36]} 36. Qb2+ {[%emt 0:00:03]} 1-0